00675nam a22002297a 4500003000400000020001800004082002000022245006000042260003500102300001500137546001200152650003900164650005300203650002500256650003700281650004100318700001700359700001900376700001600395700001700411700001700428OSt a9788176223713 a630.715bBAL/AG aAgriculture extension and sustainable rural development aNew DelhibBiotech booksc2016 axiv, 413p. aEnglish aRural youths and skill development aFarming systems and approaches to sustainability aExtension management aRural management of agribusiness aGender empowerment and mainstreaming aBaldeo Singh aShubhadeep Roy aGautam, U S aNeeraj Singh aMukesh Singh